1club 5joueurs - Statistiques

Statistiques générales
  • Ce quiz a été pris 2 fois
  • Le résultat moyen est 2 sur 15
Statistiques - réponses
club joueurs % Correct
PSG MESSI, MBAPPE, NEYMAR RAMOS SANCHES NAVAS DONNARUMMA ICARDI HAKIMI MARQUINHOS GUEYE
100%
TOTENHAM SON KANE KULUSEVSKI RICHARLDISON PERISIC ROMERO LENGLET EMERSON MOURA LLORIS HOJBJERG REGUILON DIER LO CELSO SANCHEZ
50%
AJAX ANTONY TADIC BERGWIJN TIMBER ALVAREZ WIJNDAL BERGHUIS BLIND KUDUS KLAASSEN
0%
INTER BROZOVIC HANDANOVIC DE VRIJ ONANA DUMFRIES DZEKO BASTONI GOSENS CORREA BARELLA CALHANOGLU MKHITARYAN MARTINEZ SKRINIAR
0%
ASTON VILLA COUTINHO KAMARA CARLOS MARTINEZ RAMSEY CASH INGS WATKINS MINGS BAILEY LUIZ DIGNE OLSEN YOUNG TRAORE SANSON CHAMBERS KONSA GUILBERT
0%
ROMA DYBALA ZANIOLO ABRAHAM WIJNALDUM MATIC PELLEGRINI EL SHAARAWY CELIK SMALLING SPINAZZOLA PATRICIO
0%
DORTUMUND HALLER REUS ADEYEMI BELLINGHAM AKANJI SULE HUMMELS REYNA BRANDT SHULZ HAZARD MALEN CAN MODESTE MEUNIER KOBEL
0%
LAZIO HYSAJ LAZZARI ANDERSON VECINO RADU MARUSIC CASALE ACERBI PROVEDEL ALBERTO PEDRO ROMAGNOLI IMMOBILE MILINKOVIC-SAVIC
0%
MILAN IBRAHIMOVIC LEAO DE KETELAERE GIROUD ORIGI TONALI HERNANDEZ MAIGNAN ADLI MESSIAS DIAZ TOMORI REBIC KALULU FLORENZI BAKAYOKO KJAER BENNACER
0%
ARSENAL JESUS ZINCHENKO SAKA SALIBA MARTINELLI XHAKA ODEGAARD PARTEY PEPE RAMSDALE TIERNEY BELLERIN
0%
CHELSEA KOULIBALY STERLING PULISIC HAVERTZ MOUNT KANTE JAMES GALLAGHER ZIYECH MENDY ALONSO AZPILICUETA CHILWELL SILVA JORGINHO CUCURELLLA KEPA KOVACIC LOFTUS CHEEK CHALOBAH
0%
MONACO MINAMINO BEN YEDDER GOLOVIN FOFANA VOLLAND EMBOLO NUBEL MARTINS VANDERSON MARIPAN DISASI DIATTA DIOP HENRIQUE CAMARA AGUILAR
0%
LEIPZIG NKUNKU SZOBOSZLAI WERNER LAIMER SILVA OLMO RAUM FORSBERG SORLOTH POULSEN GULACSI KAMPL MORIBA HALSTENBERG HAIDARA KLOSTERMAN ORBAN
0%
LYON PAQUETA LACAZETTE TOLISSO DEMBELE AOUAR BOATENG TAGLIAFICO FAIVRE TETE CHERKI LOPEZ CAQUERET MENDES TOKO EKAMBI
0%
OM PAYET SANCHEZ MILIK UNDER GUENDOUZI GERSON CLAUSS GIGOT MBEMBA TAVARES VERETOUT SUAREZ BAKAMBU BLANCO GUEYE KOLASINAC RONJIER LOPEZ CALETA-CAR BALERDI AMAVI
0%
Aucun quiz correspondant
Distribution des résultats
% des personnes avec chaque résultat
Percentile par nombre de réponses
Votre historique - résultats
Vous n’avez pas pris ce quiz